01032 2200205 4500001002100000005001500021035002000036008004100056245003500097100001700132250000600149260003800155300001200193084001400205082000800219650001000227520056500237990001200802990001200814INLIS00000000000085620240607075732 a0010-0524000091240607 1 ind 1 aTouched By Love /cLia Permata aPermata, Lia a1 aYogyakarta :bSheila/ Andi,c2015 a444 hlm a813 LIA t a813 4aFiksi aTangguh Anjuna Raven, memandangi dirinya dalam balutan tuxedo hitam mengilap. Rasa bahagianya masih diselipi sedikit rasa sesak, ternyata cukup sulit merelakan perempuan yang ia sayangi untuk dinikahi kakaknya sendiri. Ia menyisir rambutnya dengan jari, berantakan, tapi tidak seberantakan mimik wajahnya. Rasa terkejutnya belum benar-benar hilang. Belum lama Maura kembali dari Jakarta, namun sekarang mereka memutuskan untuk menikah. Maura Helena Wirayudha akan segera menjadi kakak iparnya. Kakak iparnya yang mungil, istri dari Langit Raven, kakaknya. a0741312 a0741313